El general don José de San Martín
Na minha lista:
| Autor principal: | |
|---|---|
| Formato: | Livro |
| Idioma: | espanhol |
| Publicado em: |
Buenos Aires
Francisco de Aguirre
1971
|
| Edição: | 3a. ed |
| Assuntos: | |
| Tags: |
Adicionar Tag
Sem tags, seja o primeiro a adicionar uma tag!
|
MARC
| LEADER | 00000nam a2200000 a 4500 | ||
|---|---|---|---|
| 001 | UCP8280 | ||
| 003 | CL-VaPUC | ||
| 008 | 000114e19710000AG |||||||||||||||||spa|d | ||
| 082 | 0 | 4 | |a 923.5 |b VIC |2 21 |
| 100 | |a Vicuña Mackenna, Benjamín, |d 1831-1886 |x Político e historiador |z Chile |e author |9 374 | ||
| 245 | 1 | 3 | |a El general don José de San Martín |
| 250 | |a 3a. ed | ||
| 300 | |a 201 p | ||
| 942 | |c BK | ||
| 945 | |d 20000114 00:00:00 |a rherrera | ||
| 260 | |a Buenos Aires |b Francisco de Aguirre |c 1971 | ||
| 600 | 0 | 7 | |a SAN MARTIN, JOSE DE |2 CL-VaPUC |9 438129 |
| 650 | 0 | |a Biografías |9 255210 | |
| 650 | 7 | |a GENERALES |2 CL-VaPUC |9 315864 | |
| 650 | 7 | |a LIBERTADORES |2 CL-VaPUC |9 317968 | |
| 650 | 0 | |a Independencia Americana |9 395691 | |
| 651 | 0 | |a Venezuela |9 254993 | |
| 583 | |a last modification |c 20000114 00:00:00 |k Rodrigo Vera | ||
| 999 | |c 285212 |d 285210 | ||
| 952 | |0 0 |1 0 |4 0 |6 923_500000000000000_VIC_1971 |7 0 |8 A |9 329648 |a BIBHIS |b BIBHIS |d 2019-11-20 |i 1375016 |o 923.5 VIC 1971 |p 1375016 |r 2025-01-20 |w 2019-11-20 |y BK |k HIS | ||
| 952 | |0 0 |1 0 |4 0 |6 923_500000000000000_VIC_1971 |7 0 |8 DER_HDC |9 329649 |a BIBDER |b BIBDER |d 2019-11-20 |i 3935035 |o 923.5 VIC 1971 |p 3935035 |r 2023-01-25 |w 2019-11-20 |x Ubicación 4to Piso |y BK |z Estos recursos deben solicitarse con anticipación |k DER | ||